[Event "RUS-chT Premier 2021"]
[White "Truskavetsky,Alexandr"]
[Black "Andreikin,Dmitry"]
[WhiteTeam "Киммерия"]
[BlackTeam "КПРФ"]
[Site "Sochi"]
[Round "9.13"]
[Annotator "TA"]
[Result "0-1"]
[Date "2021.05.10"]
[WhiteElo "2387"]
[BlackElo "2725"]
[PlyCount "110"]

1. d4 {} g6 2. Nf3 Bg7 3. g3 c5 4. dxc5 Qa5+ 5. Nfd2 Qxc5 6. Bg2 {[#] A40: Unusual replies to 1 d4.} Nc6 $146 ({Predecessor:} 6... d6 7. Ne4 Qa5+ 8. Bd2 Qb6 9. Nbc3 Nc6 10. 0-0 Qd8 11. Nd5 Be6 12. c4 Bxd5 13. cxd5 {1-0 (32) Hausrath,D (2741)-Yankelevich,L (2092) Playchess.com INT 2020} )7. Nb3 Qh5 8. h3 {White is slightly better.} d6 9. c4 Qf5 10. Nc3 Nf6 11. g4 Qd7 12. Bf4 b6 13. 0-0 Bb7 14. Qd2 0-0 15. Nd5 Rfd8 16. Rfd1 Rac8 17. Rac1 Qe8 18. Bg5 Nxd5 19. cxd5 Ne5 20. Qb4 h6 21. Bf4 Rxc1 22. Rxc1 Rc8 23. Rxc8 Qxc8 24. Nd4 Qc4 25. Qxc4 Nxc4 26. Nc6 Bxb2 (26... g5 $14 27. Bc1 (27. Nxe7+ $2 Kf8 $19 )Kf8 )27. Nxa7 $2 ({White must play} 27. Bxh6 $16 e6 28. Nxa7 )g5 $15 28. Bg3 Kf8 29. e4 Be5 30. Bf1 Nd2 31. Bd3 e6 $1 32. Nc6 (32. Bxe5 $17 {
was called for.} dxe5 33. dxe6 )Nf3+ $19 33. Kf1 Bxg3 34. fxg3 Bxc6 35. dxc6 { Endgame KB-KN} Ke7 36. Kf2 Ne5 37. Bb5 {Black must now
prevent c7.} Kd8 38. Ke3 Kc7 39. Kd4 Nxc6+ 40. Kc4 Ne5+ 41. Kd4 Kd8 42. Ba4 Nd7 43. Bb5 Nc5 44. Bc6 Na6 45. Kc4 Nc7 46. Kd4 Ke7 47. Bb7 {[#] Now White is
beyond hope.} (47. Kc4 $17 )Nb5+ $1 48. Kc4 {[#]} Na7 49. a4 (49. Ba6 $142 )Kd7 50. Ba6 Kc6 (50... Nc6 $142 51. Kb3 d5 52. exd5 exd5 )51. Kb4 $2 (51. Kd4 )d5 52. exd5+ $2 (52. Bd3 )Kxd5 {Black is clearly
winning.} 53. Bb7+ Kd4 54. a5 bxa5+ 55. Kxa5 Ke3 {Weighted Error Value:
White=0.41/Black=0.13} 0-1

[Event "RUS-chT Premier 2021"]
[White "Dreev,Aleksey"]
[Black "Musalov,Ruslan"]
[WhiteTeam "КПРФ"]
[BlackTeam "Киммерия"]
[Site "Sochi"]
[Round "9.14"]
[Annotator "TA"]
[Result "1-0"]
[Date "2021.05.10"]
[WhiteElo "2647"]
[BlackElo "2359"]
[PlyCount "85"]

1. d4 {} g6 2. e4 Bg7 3. c4 d6 4. Nc3 Nc6 5. Nge2 e5 6. Be3 Nf6 7. f3 0-0 8. d5 Ne7 9. Qd2 c6 10. Nc1 {E85: King's Indian:
Sämisch: 6...e5.} Nh5 11. Nd3 f5 {[#]} 12. Be2 $146 {White is slightly better.} ({Predecessor:} 12. 0-0-0 cxd5 13. cxd5 Nf6 14. Bg5 Bd7 15. Kb1 b5 16. Rc1 a5 17. Nf2 Qb6 18. Bd3 {1-0 (41) Rustler,M-Boeller,G Pang 1977} )cxd5 13. cxd5 Bd7 14. 0-0-0 (14. a4 $14 )Qa5 ({Better is} 14... Nf6 )15. Kb1 $11 Rfc8 (15... Nf6 $11 )16. g4 fxg4 17. fxg4 Nf6 {next ...Rxc3! is good for Black.
} 18. Nf2 a6 19. g5 Nh5 20. Bg4 Bxg4 21. Nxg4 Rc4 (21... Qb4 $14 22. a3 Qb3 )22. Rhf1 $16 Nf5 (22... Rac8 $16 23. Nf6+ (23. Qf2 Rf8 $16 )Kh8 )23. exf5 Rxg4 24. f6 (24. Qc2 $18 {and White stays clearly on top.} )Bf8 25. Qe2 Rh4 26. Rc1 Rc8 27. a3 {Hoping for Qf2.} Rhc4 (27... Qd8 $1 $14 )28. Qg2 $1 Kh8 29. Rc2 b5 {[#]} 30. Rfc1 $1 b4 {[#]} 31. Na2 { Discovered Attack} Rxc2 32. Rxc2 Rxc2 33. Qxc2 ({And not} 33. Kxc2 bxa3 34. bxa3 Qa4+ 35. Kb2 Qb5+ 36. Kc2 Qa4+ 37. Kb2 Qb5+ 38. Kc2 Nf4 $11 )Qxd5 $2 {Black cannot hold
the game after this.} (33... b3 $16 {is a better defense.} 34. Qxb3 Qe1+ 35. Bc1 Qf1 )34. Nxb4 $18 { Double Attack} Qe6 35. Nxa6 Nf4 36. Nc7 {
White is clearly winning.} Qg4 37. Qb3 Qf5+ 38. Ka2 {Threatening mate with Qf7.
} Qd7 39. Qb8 {} Kg8 40. Bxf4 Qf7+ 41. Qb3 Qxb3+ 42. Kxb3 exf4 43. Kc4 {Weighted Error Value: White=0.15/Black=0.41} 1-0

[Event "RUS-chT Premier 2021"]
[White "Alexeev,Alexey"]
[Black "Alekseev,Evgeny"]
[WhiteTeam "Киммерия"]
[BlackTeam "КПРФ"]
[Site "Sochi"]
[Round "9.15"]
[Annotator "TA"]
[Result "1/2-1/2"]
[Date "2021.05.10"]
[WhiteElo "2243"]
[BlackElo "2619"]
[PlyCount "74"]

1. e4 {
} c5 2. Nf3 Nc6 3. Bb5 g6 4. 0-0 Bg7 5. Bxc6 dxc6 6. d3 Nf6 7. Nc3 b6 8. Be3 0-0 9. h3 Re8 10. Qd2 e5 {B31: Sicilian: 2...Nc6 3 Bb5 g6.} 11. Bh6 {
11.Nh2 is setting a new trend.} Nh5 12. Bxg7 Kxg7 13. Ne2 Qf6 14. Kh2 {[#]} Bd7 $146 ({Predecessor:} 14... h6 15. Nfg1 Qd6 16. Rad1 Bd7 17. a3 Rad8 18. Qc3 Kh7 19. b4 f5 20. bxc5 bxc5 {1-0 (47) Quesada Perez,Y (2512)-Mamedov,R (2538)
Turin 2006} )15. Nfg1 Rad8 16. Qe3 Bc8 17. b3 Qd6 18. Kh1 Nf4 19. Rae1 h6 20. Kh2 Ne6 21. g3 b5 22. f4 exf4 23. gxf4 c4 24. bxc4 bxc4 25. d4 f5 {
} 26. Nf3 (26. e5 $11 Qe7 27. Nf3 )c5 (26... fxe4 $17 27. Ne5 Nxd4 28. Qxe4 Bf5 29. Qxd4 Qxd4 30. Nxd4 Rxd4 )27. e5 ({White should try} 27. dxc5 $11 Nxc5 28. e5 )Qd5 (27... Nxd4 $15 28. Nexd4 cxd4 )28. dxc5 $11 Qxc5 29. Qxc5 Nxc5 30. Rd1 Kf7 31. Nfd4 Bb7 32. Rb1 Rd7 33. Rb5 Ne6 34. c3 Ng7 35. Rfb1 Be4 {The position is equal.} 36. R1b4 Bd3 37. Ng1 Be4 {Weighted Error Value:
White=0.12/Black=0.13} 1/2-1/2

[Event "RUS-chT Premier 2021"]
[White "Rublevsky,Sergei"]
[Black "Babakekhyan,Artem"]
[WhiteTeam "КПРФ"]
[BlackTeam "Киммерия"]
[Site "Sochi"]
[Round "9.16"]
[Annotator "TA"]
[Result "1-0"]
[Date "2021.05.10"]
[WhiteElo "2642"]
[BlackElo "2214"]
[PlyCount "77"]

1. e4 {} c6 2. d4 d5 3. e5 Bf5 4. Nd2 e6 5. Nb3 c5 { Decoy} 6. dxc5 {B12: Caro-Kann: Advance Variation.} Bxc5 7. Nxc5 Qa5+ 8. c3 {White
has an edge.} Qxc5 9. Be3 Qc7 10. f4 Nc6 11. Nf3 Nge7 12. Be2 0-0 13. 0-0 h6 14. Rc1 {[#]} Be4 $146 ({Predecessor:} 14... Rfd8 15. b4 a6 16. a4 d4 17. cxd4 Nd5 18. Bd2 Qb6 19. a5 Qa7 20. Rc4 Be4 {0-1 (54) Bjerre,J (2421)-Sreeshwan,M 
(2244) Roquetas de Mar 2019} )15. Nd2 Bh7 16. Nb3 Na5 17. Nxa5 Qxa5 18. Qb3 Be4 19. Qb4 ({Much worse is} 19. Qxb7 Nf5 $17 )Qc7 20. c4 Nc6 21. Qa3 Rfd8 22. Bc5 dxc4 23. Rxc4 Bd5 24. Rcc1 Rac8 25. Qe3 ({But not} 25. Bxa7 $2 b6 $19 )Qa5 26. a3 Qa4 27. b4 $1 b6 28. Bd6 Nb8 29. Qd3 Qd7 30. f5 Qb7 (30... Rxc1 $14 31. Rxc1 Rc8 )31. f6 $40 { Black must now prevent Rxc8.
White attacks with force.} g6 $2 (31... Rxc1 32. Rxc1 Rc8 33. Rxc8+ Qxc8 )32. Qe3 $18 Kh7 33. Rxc8 Rxc8 34. Rf4 $1 Qc6 {[#]} 35. Bxb8 (35. Bc5 $142 $1 {
} h5 {[#]} 36. Rh4 $1 Bf3 37. Bxf3 Qxf3 38. Qxf3 Rd8 39. Rxh5+ $1 {
} Kg8 40. Qe3 $1 )g5 36. Rg4 Rxb8 {[#]} 37. Rxg5 $1 {
White mates.} hxg5 38. Qxg5 {} Rg8 39. Qh5# {Weighted
Error Value: White=0.16/Black=0.57} 1-0

[Event "RUS-chT Premier 2021"]
[White "Pervakov,Sergey"]
[Black "Potkin,Vladimir"]
[WhiteTeam "Киммерия"]
[BlackTeam "КПРФ"]
[Site "Sochi"]
[Round "9.17"]
[Annotator "ChessBase"]
[Result "0-1"]
[Date "2021.05.10"]
[WhiteElo "2056"]
[BlackElo "2578"]
[PlyCount "134"]
[TimeControl "60"]

1. d4 {[%emt 0:0:0]} Nf6 {[%emt 0:0:0]} 2. Nf3 {[%emt 0:0:0]} g6 {[%emt 0:0:8]
} 3. Bf4 {[%emt 0:0:17]} Bg7 {[%emt 0:0:12]} 4. e3 {[%emt 0:0:0]} 0-0 {[%emt 0:0:14]} 5. Be2 {[%emt 0:1:23]} d6 {[%emt 0:0:42]} 6. h3 {[%emt 0:1:0]
} c5 {[%emt 0:10:23]} 7. c3 {[%emt 0:6:53]} Qb6 {[%emt 0:3:59]} 8. Qb3 {[%emt 0:1:42]} Be6 {[%emt 0:0:35]} 9. Qxb6 {[%emt 0:2:41]} axb6 {[%emt 0:0:6]
} 10. a3 {[%emt 0:8:8]} Bd5 {[%emt 0:3:52]} 11. 0-0 {[%emt 0:0:0]} Bc6 {[%emt 0:1:8]} 12. Nbd2 {[%emt 0:5:13]} Rc8 {[%emt 0:21:22]} 13. Rfe1 {[%emt 0:6:43]} Nbd7 {[%emt 0:4:3]} 14. Bf1 {[%emt 0:4:1]} Ne4 {[%emt 0:8:16]
} 15. Rad1 {[%emt 0:10:32]} h6 {[%emt 0:3:44]} 16. Nxe4 {[%emt 0:6:28]
} Bxe4 {[%emt 0:0:2]} 17. Bb5 {[%emt 0:0:55]} Nf6 {[%emt 0:0:0]} 18. Nd2 {[%emt 0:4:37]} Bc6 {[%emt 0:0:48]} 19. Bd3 {[%emt 0:7:7]} Nd7 {[%emt 0:9:46]} 20. Bg3 {[%emt 0:2:48]} b5 {[%emt 0:1:54]} 21. Nf3 {[%emt 0:0:0]} e5 {[%emt 0:10:7]} 22. dxe5 {[%emt 0:4:29]} dxe5 {[%emt 0:1:5]} 23. e4 {[%emt 0:0:17]} c4 {[%emt 0:1:24]} 24. Bc2 {[%emt 0:0:32]} Re8 {[%emt 0:0:0]} 25. Nd2 {[%emt 0:2:34]} Nc5 {[%emt 0:1:26]} 26. Nf1 {[%emt 0:0:32]} Rad8 {[%emt 0:2:5]} 27. f3 {[%emt 0:0:17]} f6 {[%emt 0:7:4]} 28. Ne3 {[%emt 0:0:25]
} Kf7 {[%emt 0:0:11]} 29. Bf2 {[%emt 0:0:38]} Bf8 {[%emt 0:0:0]} 30. Kf1 {[%emt 0:6:13]} Nd3 {[%emt 0:1:36]} 31. Bxd3 {[%emt 0:0:34]} cxd3 {[%emt 0:0:1]} 32. Rd2 {[%emt 0:0:41]} Rd7 {[%emt 0:0:11]} 33. Red1 {[%emt 0:1:29]
} Red8 {[%emt 0:0:5]} 34. g4 {[%emt 0:0:42]} Ke6 {[%emt 0:0:0]} 35. Kg2 {[%emt 0:0:57]} h5 {[%emt 0:1:28]} 36. Nf1 {[%emt 0:3:13]} hxg4 {[%emt 0:1:46]} 37. hxg4 {[%emt 0:0:8]} Bh6 {[%emt 0:0:50]} 38. Be3 {[%emt 0:0:17]
} Bf4 {[%emt 0:0:13]} 39. Re1 {[%emt 0:2:37]} Rh8 {[%emt 0:0:0]} 40. Ng3 {[%emt 0:0:0]} Rdh7 {[%emt 0:0:0]} 41. Bxf4 {[%emt 0:6:18]} exf4 {[%emt 0:3:27]} 42. Nf1 {[%emt 0:0:7]} Rd8 {[%emt 0:1:8]} 43. Rdd1 {[%emt 0:1:18]
} Kf7 {[%emt 0:5:3]} 44. Nd2 {[%emt 0:0:19]} f5 {[%emt 0:0:0]} 45. Rh1 {[%emt 0:2:27]} Rxh1 {[%emt 0:1:2]} 46. Rxh1 {[%emt 0:0:14]} fxg4 {[%emt 0:2:10]} 47. fxg4 {[%emt 0:0:6]} Kf6 {[%emt 0:0:45]} 48. Rh3 {[%emt 0:4:17]
} Ke5 {[%emt 0:11:51]} 49. Kf3 {[%emt 0:2:33]} Bxe4+ {[%emt 0:0:0]} 50. Nxe4 {[%emt 0:0:20]} d2 {[%emt 0:0:3]} 51. Nf2 {[%emt 0:1:40]} d1=Q+ {[%emt 0:0:14]} 52. Nxd1 {[%emt 0:0:12]} Rd3+ {[%emt 0:3:2]} 53. Kg2 {[%emt 0:0:37]} Rxd1 {[%emt 0:0:3]} 54. Rh8 {[%emt 0:8:24]} Kf6 {[%emt 0:0:0]} 55. Kf3 {[%emt 0:5:25]} Kg5 {[%emt 0:0:8]} 56. Rb8 {[%emt 0:2:10]} Rd3+ {[%emt 0:0:31]} 57. Ke2 {[%emt 0:0:15]} Re3+ {[%emt 0:1:11]} 58. Kf2 {[%emt 0:0:11]
} Kxg4 {[%emt 0:1:36]} 59. Rxb7 {[%emt 0:0:5]} Re5 {[%emt 0:0:0]} 60. Ra7 {[%emt 0:2:28]} f3 {[%emt 0:1:40]} 61. a4 {[%emt 0:0:54]} Re2+ {[%emt 0:0:7]} 62. Kf1 {[%emt 0:0:35]} Rxb2 {[%emt 0:0:6]} 63. Rg7 {[%emt 0:1:29]
} g5 {[%emt 0:0:44]} 64. axb5 {[%emt 0:0:35]} Kf4 {[%emt 0:0:0]} 65. c4 {[%emt 0:0:33]} g4 {[%emt 0:0:17]} 66. Rf7+ {[%emt 0:0:26]} Kg3 {[%emt 0:0:16]} 67. Ke1 {[%emt 0:0:42]} Kg2 {[%emt 0:0:30]} 0-1

[Event "RUS-chT Premier 2021"]
[White "Shubin,Kirill"]
[Black "Malakhov,Vladimir"]
[WhiteTeam "СШОР"]
[BlackTeam "Шахматная сборная Москвы"]
[Site "Sochi"]
[Round "9.19"]
[Annotator "TA"]
[Result "0-1"]
[Date "2021.05.10"]
[WhiteElo "2466"]
[BlackElo "2665"]
[PlyCount "72"]

1. e4 {} e5 2. Nf3 Nc6 3. d4 exd4 4. Nxd4 Bc5 5. Nb3 Bb6 6. Nc3 Nf6 7. Bg5 h6 8. Bh4 d6 {C45:
Scotch Game.} 9. f3 0-0 10. Qe2 Be6 {The position is equal.} 11. 0-0-0 Re8 12. g4 a5 {Hoping for ...a4.} 13. Na4 Ba7 14. Qg2 {[#]} Ne5 $146 ({Predecessor:} 14... Nb4 15. Kb1 Bd7 16. Nc3 a4 17. Nd4 a3 18. b3 Nxe4 19. Nxe4 Qxh4 20. g5 hxg5 {0-1 (30) Ali,S (2341)-Haddouche,M (2464) Nouakchott 2013} )15. Nd4 Ng6 16. Bg3 d5 (16... Bxa2 $15 17. Nc3 Be6 )17. Nc3 c6 18. Nf5 (18. Nxe6 $14 Be3+ 19. Kb1 fxe6 20. h4 )Bb8 19. h4 Bxg3 20. Nxg3 Qc7 21. g5 $1 {
} hxg5 22. hxg5 Qf4+ { Double Attack} 23. Kb1 Qxg5 24. Qh2 dxe4 (24... Kf8 $11 {remains equal.} )25. Ngxe4 (25. Ncxe4 $16 Nxe4 26. fxe4 (26. Nxe4 Qe5 $15 ))Nxe4 $11 26. Nxe4 Qe5 27. Qh7+ Kf8 28. Rh5 ({White should try} 28. Bd3 $15 )Qf4 29. Bd3 {[#]} Rad8 $1 $40 { Black is out for
blood.} ({Of course not} 29... Qxf3 $6 30. Rhh1 $14 )30. Nc3 b5 {} 31. Bxg6 $4 { White does not recover from this.} (31. Rhh1 $17 {was worth a try.} )Rxd1+ $19 (31... fxg6 32. Qxg6 Rxd1+ 33. Nxd1 $11 )32. Nxd1 {Be4 is the strong threat.} Qxf3 {} ({And not} 32... fxg6 33. Qxg6 Rd8 34. Nf2 $11 )33. Rh1 {aiming for Bd3.} ({Don't blunder
} 33. Qh8+ $2 Ke7 $19 )fxg6 34. Qh2 Bf5 35. Nc3 (35. Kc1 $142 )b4 36. Na4 {[#]} Bxc2+ $1 { Weighted Error Value: White=0.61/Black=0.22} 0-1

[Event "RUS-chT Premier 2021"]
[White "Inarkiev,Ernesto"]
[Black "Lobanov,Sergei"]
[WhiteTeam "Шахматная сборная Москвы"]
[BlackTeam "СШОР"]
[Site "Sochi"]
[Round "9.20"]
[Annotator "RC"]
[Result "1-0"]
[Date "2021.05.10"]
[WhiteElo "2654"]
[BlackElo "2520"]
[PlyCount "81"]
[TimeControl "60"]

1. c4 {[%emt 0:0:31]} e5 {[%emt 0:1:3]} 2. Nc3 {[%emt 0:0:7]} Nf6 {[%emt 0:0:36]
} 3. Nf3 {[%emt 0:0:5]} Nc6 {[%emt 0:0:5]} 4. e3 {[%emt 0:0:0]} Bb4 {[%emt 0:1:0]} 5. Qc2 {[%emt 0:0:8]} 0-0 {[%emt 0:0:6]} 6. Nd5 {[%emt 0:0:27]
} Re8 {[%emt 0:3:21]} 7. Qf5 {[%emt 0:3:1]} d6 {[%emt 0:0:25]
} 8. Nxf6+ {[%emt 0:0:17]} gxf6 {[%emt 0:0:8]} 9. Qc2 {[%emt 0:2:40]} d5 {[%emt 0:18:14]
} 10. a3 {[%emt 0:12:40]} Bf8 {[%emt 0:6:5]} 11. cxd5 {[%emt 0:0:0]} Qxd5 {[%emt 0:0:6]} 12. Bc4 {[%emt 0:0:8]} Bf5 {[%emt 0:15:48]} 13. d3 {[%emt 0:4:37]} Qd7 {[%emt 0:0:31]} 14. e4 {[%emt 0:7:11]} Be6 {[%emt 0:0:0]} 15. Be3 {[%emt 0:4:12]} f5 {[%emt 0:5:47]} 16. Bxe6 {[%emt 0:25:4]} Rxe6 {[%emt 0:1:59]} 17. exf5 {[%emt 0:3:31]} Rd6 {[%emt 0:0:42]} 18. Ng5 {[%emt 0:0:1]
} Qxf5 {[%emt 0:3:23]} 19. Ne4 {[%emt 0:1:21]} Rg6 {[%emt 0:0:0]} 20. 0-0-0 {[%emt 0:0:39]} Rd8 {[%emt 0:13:41]} 21. Kb1 {[%emt 0:4:2]} Rxg2 {[%emt 0:8:45]} 22. Bg5 {[%emt 0:5:7]} Be7 {[%emt 0:12:10]} 23. Bxe7 {[%emt 0:8:54]
} Nxe7 {[%emt 0:0:2]} 24. Qxc7 {[%emt 0:0:7]} Nc6 {[%emt 0:0:0]} 25. Qxb7 {[%emt 0:0:11]} Rg6 {[%emt 0:0:4]} 26. Rhg1 {[%emt 0:4:17]
} Rxd3 {[%emt 0:1:56]} 27. Rxg6+ {[%emt 0:2:36]} hxg6 {[%emt 0:0:1]} 28. Rxd3 {[%emt 0:0:7]} Qxe4 {[%emt 0:0:2]} 29. Qb3 {[%emt 0:0:49]} Nd4 {[%emt 0:1:58]
} 30. Qd1 {[%emt 0:1:5]} a5 {[%emt 0:0:50]} 31. f3 {[%emt 0:0:0]} Qf5 {[%emt 0:0:2]} 32. b3 {[%emt 0:2:43]} Qh3 {[%emt 0:1:24]} 33. f4 {[%emt 0:3:30]} Qxh2 {[%emt 0:0:1]} 34. fxe5 {[%emt 0:0:45]} Nb5 {[%emt 0:0:1]
} 35. Qd2 {[%emt 0:2:9]} Qxe5 {[%emt 0:0:2]} 36. Qxa5 {[%emt 0:0:19]
} Qf5 {[%emt 0:0:10]} 37. Qd8+ {[%emt 0:1:31]} Kg7 {[%emt 0:0:0]} 38. a4 {[%emt 0:0:16]} Qf1+ {[%emt 0:2:6]} 39. Ka2 {[%emt 0:0:1]} Qf2+ {[%emt 0:0:56]} 40. Rd2 {[%emt 0:0:0]} Nc3+ {[%emt 0:0:0]} 41. Kb2 {[%emt 0:3:5]
} 1-0

[Event "RUS-chT Premier 2021"]
[White "Usmanov,Vasily"]
[Black "Sjugirov,Sanan"]
[WhiteTeam "СШОР"]
[BlackTeam "Шахматная сборная Москвы"]
[Site "Sochi"]
[Round "9.21"]
[Annotator "TA"]
[Result "0-1"]
[Date "2021.05.10"]
[WhiteElo "2447"]
[BlackElo "2663"]
[PlyCount "68"]

1. e4 {} c5 2. Be2 Nc6 3. d3 e6 4. f4 d5 5. Nf3 Bd6 6. 0-0 {B21: Sicilian: 2 f4 and Morra Gambit.} Nge7 7. Qe1 0-0 {[#]} 8. Qh4 $146 {Black has an edge.} ({Predecessor:} 8. g4 f6 9. f5 Ne5 10. Nxe5 Bxe5 11. Nd2 exf5 12. gxf5 g6 13. fxg6 Nxg6 14. Nf3 dxe4 15. dxe4 {0-1 (36)
Grigoriadis,M (2250)-Petrov,M (2439) Thessaloniki 2018} )f6 9. Nc3 a6 10. Bd2 b5 11. Rae1 Bd7 12. Bd1 c4 13. a3 b4 14. axb4 cxd3 ({But not} 14... Bxb4 $6 15. dxc4 d4 16. Na4 $14 )15. e5 Bxb4 {Strongly threatening ...Bc5+.} 16. cxd3 Nf5 17. Qh3 Rb8 18. Nxd5 Bxd2 $17 19. Nxd2 Qa5 20. Nc3 Rxb2 21. Nde4 fxe5 22. fxe5 Nxe5 23. d4 Qb6 24. Nc5 {[#]} Qd6 $36 { Black is in control.} 25. Nxe6 Bxe6 26. dxe5 Qd4+ 27. Kh1 Rf2 (27... a5 {is interesting.} 28. Qf3 Bc4 29. Rg1 Rd2 30. Ne4 Rd3 )28. Rxf2 (28. Rg1 $1 $11 {keeps the balance.} )Qxf2 {} 29. Rg1 Qd4 30. Bc2 Qxe5 {Hoping for ...Rc8.} 31. Qd3 h6 32. g4 $2 {} (32. Qe4 $17 Qxe4 33. Bxe4 )Ne3 $19 {
Discovered Attack} 33. Re1 {[#]} Rf2 $1 {
Double Attack} 34. Qh7+ (34. Qd8+ Kf7 )Kf8 {
Weighted Error Value: White=0.66/Black=0.05} 0-1

[Event "RUS-chT Premier 2021"]
[White "Sarana,Alexey"]
[Black "Popov,Valerij"]
[WhiteTeam "Шахматная сборная Москвы"]
[BlackTeam "СШОР"]
[Site "Sochi"]
[Round "9.22"]
[Annotator "TA"]
[Result "1/2-1/2"]
[Date "2021.05.10"]
[WhiteElo "2649"]
[BlackElo "2535"]
[PlyCount "41"]

1. d4 {} d5 2. c4 c6 3. Nf3 Nf6 4. Nc3 dxc4 5. a4 Bf5 6. Ne5 e6 7. f3 Bb4 8. Nxc4 $1 { is recently more successful than 8.e4.} 0-0 9. Kf2 {
D17: Slav Defence: 5 a4 Bf5: Lines with 6 Nh4 and 6 Ne5.} c5 10. Na2 Nc6 11. Nxb4 Nxb4 12. e4 Bxe4 (12... Nxe4+ $5 13. fxe4 Bxe4 $11 )13. fxe4 Nxe4+ 14. Kg1 {[#]} Rc8 $146 ({Predecessor:} 14... cxd4 15. Bd2 d3 16. Be3 Nc2 17. Qxd3 Nxa1 18. Qxe4 Qd5 19. Qxd5 exd5 20. Nd6 Nc2 {0-1 (51) Tarasova,V (2226)
-Rakhmangulova,A (2156) Chess.com INT 2020} )15. Qe2 Qd5 16. dxc5 Rfd8 17. Be3 Nxc5 18. h4 (18. Bxc5 $16 Rxc5 19. Rc1 )Nb3 $1 $11 {} 19. Ra3 Nd4 20. Qd2 Rxc4 21. Bxc4 {Weighted Error Value: White=0.16/Black=0.09} 1/2-1/2

[Event "RUS-chT Premier 2021"]
[White "Saveliev,Alexei"]
[Black "Grachev,Boris"]
[WhiteTeam "СШОР"]
[BlackTeam "Шахматная сборная Москвы"]
[Site "Sochi"]
[Round "9.23"]
[Annotator "TA"]
[Result "1/2-1/2"]
[Date "2021.05.10"]
[WhiteElo "2358"]
[BlackElo "2619"]
[PlyCount "89"]

1. e4 {} e6 2. d4 d5 3. Nd2 a6 4. Ngf3 c5 5. exd5 exd5 6. dxc5 Bxc5 7. Bd3 Qe7+ {C08: French Tarrasch: 3...c5 4 exd5
exd5 sidelines.} 8. Be2 Nf6 {Threatens to win with ...Bxf2+!} 9. 0-0 0-0 {
The position is equal.} 10. Nb3 Ba7 11. Bg5 Nc6 12. Bh4 h6 {[#]} 13. Qd2 $146 ({Predecessor:} 13. Re1 g5 14. Bg3 Be6 15. Nfd4 Ne4 16. Bf3 f5 17. Nxe6 Qxe6 18. c4 dxc4 19. Nd2 {0-1 (38) Vink,N (2302)-Bosman,M (2311) Netherlands 2000} )Qe6 {...Ne4 is the strong threat.} 14. Rad1 {[#]} (14. Bxf6 $15 Qxf6 15. c3 )Ne4 $1 $17 {} 15. Qxd5 Nxf2 16. Bxf2 $11 {aiming for Qd2.
} Qxe2 17. Bxa7 Rxa7 18. Nfd4 Qe3+ 19. Kh1 Nxd4 20. Nxd4 Qe7 21. Rfe1 Qc7 22. h3 Ra8 23. c4 a5 24. c5 Ra6 ({Black should play} 24... Qg3 $11 )25. Nb5 $14 Qc6 {[#]} 26. Qd6 $1 Qxd6 27. Rxd6 ({But not} 27. Nxd6 Rc6 $11 )Ra8 (27... Be6 $142 )28. Re7 $16 a4 29. a3 Ra5 30. Rb6 Rd8 31. Rc7 Rd1+ 32. Kh2 Be6 33. Nc3 $36 { White has the initiative.} Rd2 (33... Rc1 $14 )34. Rbxb7 Bb3 {[#]} ({Black should try} 34... Kh7 )35. Ra7 $1 {} Rxa7 36. Rxa7 {Black must now prevent c6.} Rxb2 { Endgame KRB-KRN} 37. c6 {
Hoping for c7.} ({Stronger than} 37. Nxa4 Rc2 $11 )Rc2 {[#]} 38. c7 $1 Rxc3 {KRB-KR} 39. Ra8+ Kh7 40. c8=Q Rxc8 41. Rxc8 Kg6 42. Kg3 Kf5 43. Re8 h5 44. h4 f6 45. Kf2 {Weighted Error Value: White=0.10/Black=0.15} 1/2-1/2